<?xml version="1.0" encoding="UTF-8"?>
<record
    xmlns:xsi="http://www.w3.org/2001/XMLSchema-instance"
    xsi:schemaLocation="http://www.loc.gov/MARC21/slim http://www.loc.gov/standards/marcxml/schema/MARC21slim.xsd"
    xmlns="http://www.loc.gov/MARC21/slim">

  <leader>01154nam a22001697a 4500</leader>
  <controlfield tag="008">120828t        xxu||||| |||| 00| 0 eng d</controlfield>
  <datafield tag="020" ind1=" " ind2=" ">
    <subfield code="a">0073105813</subfield>
  </datafield>
  <datafield tag="050" ind1=" " ind2=" ">
    <subfield code="a">T58.6.H17</subfield>
  </datafield>
  <datafield tag="100" ind1=" " ind2=" ">
    <subfield code="a">Haag, Stephen</subfield>
  </datafield>
  <datafield tag="245" ind1=" " ind2=" ">
    <subfield code="a">Information systems essentials. /</subfield>
    <subfield code="c">Stephen Haag</subfield>
  </datafield>
  <datafield tag="260" ind1=" " ind2=" ">
    <subfield code="a">Boston:</subfield>
    <subfield code="b">McGraw - Hill,</subfield>
    <subfield code="c">2006.</subfield>
  </datafield>
  <datafield tag="300" ind1=" " ind2=" ">
    <subfield code="a">xxx, 462 p.:</subfield>
    <subfield code="b">ill.;</subfield>
    <subfield code="c">24cm.</subfield>
  </datafield>
  <datafield tag="505" ind1=" " ind2=" ">
    <subfield code="a">Contents: Information age in which you live: Changing the face of business -- Major business initiatives: gaining competitive advantage with IT -- Databases and data warehouses: Building business intelligence -- Decision support and artificial intelligence: Brainpower for your business -- Electronic commerce: strategies for the new economy -- Systems development: phases tools and techniques -- IT infrastructures: Business - Driven technology -- Protecting people and information: Threats and safegaurds -- Emerging trends and technologies: Business, people and technology tomorrow -- Appendix A: Computer hardware and software -- Appendix B: Networks basics -- Group projects.</subfield>
  </datafield>
  <datafield tag="650" ind1=" " ind2=" ">
    <subfield code="a">Management information systems. </subfield>
  </datafield>
  <datafield tag="650" ind1=" " ind2=" ">
    <subfield code="a">Information technology. </subfield>
  </datafield>
  <datafield tag="942" ind1=" " ind2=" ">
    <subfield code="2">lcc</subfield>
    <subfield code="c">BK</subfield>
  </datafield>
  <datafield tag="999" ind1=" " ind2=" ">
    <subfield code="c">2192</subfield>
    <subfield code="d">9692</subfield>
  </datafield>
  <datafield tag="952" ind1=" " ind2=" ">
    <subfield code="0">0</subfield>
    <subfield code="1">0</subfield>
    <subfield code="2">lcc</subfield>
    <subfield code="4">0</subfield>
    <subfield code="7">0</subfield>
    <subfield code="a">WIUC-1</subfield>
    <subfield code="b">WIUC-1</subfield>
    <subfield code="c">GEN</subfield>
    <subfield code="d">2012-08-28</subfield>
    <subfield code="l">0</subfield>
    <subfield code="o">T58.6.H17</subfield>
    <subfield code="p">5893/12</subfield>
    <subfield code="r">2012-08-28 00:00:00</subfield>
    <subfield code="t">1</subfield>
    <subfield code="w">2012-08-28</subfield>
    <subfield code="y">BK</subfield>
  </datafield>
</record>
